00534nam a2200193 a 4500001001300000003000900013005001700022008004100039020001000080082001700090100002300107245006900130260004200199300000900241500003500250505001000285650002200295700002300317nice12345678IN_TiNIC20260116012913.0050524s1986 newa grp 000 0 eng  ac10000a954.84bBAW2 aBawa, Vasant Kumar aNizam Between Mughals and Britishb Hyderabad Under Salar Jung I aNew DelhibS. Chand and Companyc1986 a264p aincludes index and biblioraphy2 aIndex aHyderabad-History1 aBawa, Vasant Kumar